Central Library OPAC University of Rajshahi

ديوان ابى نواس.;; Dīwān Abī Nuwās / (Record no. 78631)

MARC details
000 -LEADER
fixed length control field 00592aaa a2200193 a 4500
001 - CONTROL NUMBER
control field 78631
003 - CONTROL NUMBER IDENTIFIER
rucl marc code BD-RjUL
005 - DATE AND TIME OF LATEST TRANSACTION
control field 20211209083144.0
008 - FIXED-LENGTH DATA ELEMENTS--GENERAL INFORMATION
fixed length control field 211024s19621382le ||||| |||| 00| p ara d
035 ## - SYSTEM CONTROL NUMBER
System control number (BD-RjUL)78857
040 ## - CATALOGING SOURCE
Original cataloging agency BD-RjUL
Language of cataloging eng
Transcribing agency BD-RjUL
041 ## - LANGUAGE CODE
Language code of text/sound track or separate title eng
082 ## - DEWEY DECIMAL CLASSIFICATION NUMBER
Edition number 23
Classification number 892.71
Author mark and year NUD 1962
100 ## - MAIN ENTRY--PERSONAL NAME
Personal name نواس ;; nuwas
9 (RLIN) 249322
Dates associated with a name 762-812
245 ## - TITLE STATEMENT
Title ديوان ابى نواس.;; Dīwān Abī Nuwās /
260 ## - PUBLICATION, DISTRIBUTION, ETC. (IMPRINT)
Place of publication, distribution, etc. دار صادر للطباعة والنشر، دار بيروت للطباعة والنشر,
650 ## - SUBJECT ADDED ENTRY--TOPICAL TERM
Topical term or geographic name as entry element Arabic poetry
9 (RLIN) 249323
942 ## - ADDED ENTRY ELEMENTS (KOHA)
Source of classification or shelving scheme Dewey Decimal Classification
Koha item type Books
Holdings
Lost status Source of classification or shelving scheme Damaged status Not for loan Collection code Permanent Location Current Location Shelving location Date acquired Source of acquisition Cost, normal purchase price Total Checkouts Full call number Date last seen Copy number Koha item type
  Dewey Decimal Classification   Not For Loan Non-fiction Central Library, University of Rajshahi Central Library, University of Rajshahi Reading Room 10/08/1964 Urdu Library 55.00   A 892.71 NUD 1962 24/10/2021 C-1 Books